Actualidad Jurd̕ica

Bibliographic Details
Corporate Author: Ura̕ & Menňdez
Format: Unknown
Language:Spanish
Published: [Madrid] : Dykinson
Subjects:
Online Access:Acceso restringido

MARC

LEADER 00000ny a22000003n 4500
005 2011050905325.0
008 080925s20029999sp tr s 000 a0spa c
022 |a 1578-956X 
035 |a 78 
040 |a UMA.RE  |d vlex 
080 |a 34(0.034) 
090 |c 1471  |d 1471 
245 0 0 |a Actualidad Jurd̕ica  |h [Recurso electrn̤ico]  |c (Ura̕ & Menňdez) 
256 |a Servicio en ln̕ea 
260 |a [Madrid] :  |b Dykinson 
310 |a Cuatrimestral 
506 1 |a Contenido solo disponible en los productos indicados  |d vLex Global  |d vLex Global (Academic Edition, excluding Law Schools)  |d vLex Global (U.S. Academic Edition, Law Schools)  |d vLex Global (U.S. Academic Edition, excluding Law Schools)  |d vLex Global (Academic Edition, Law Schools) 
650 0 7 |a Civil  |2 Tesauro vLex 
650 0 7 |2 Tesauro vLex  |a Tributario 
650 0 7 |2 Tesauro vLex  |a Procesal 
650 0 7 |2 Tesauro vLex  |a Administrativo 
650 0 7 |2 Tesauro vLex  |a Actividad crediticia 
650 0 7 |2 Tesauro vLex  |a Utilizacin̤ de informacin̤ privilegiada 
650 0 7 |2 Tesauro vLex  |a Derecho de sociedades 
710 2 |a Ura̕ & Menňdez 
740 0 |a vLex Revista (Servicios en ln̕ea) 
853 |8 1  |i (year)  |j (month)  |k (day) 
856 4 0 |u http://vlex.com/source/actualidad-ur-a-78  |z Acceso restringido 
942 |c REV